Countries with most Live Performance by Beyoncé on a Tour - Statistics

General Stats
  • This quiz has been taken 262 times
  • The average score is 16 of 21
Answer Stats
Number of Performances Country % Correct
152 United States of America
97%
9 France
96%
58 United Kingdom
95%
21 Canada
92%
6 Spain
89%
16 Germany
87%
3 Mexico
86%
3 Italy
85%
5 Brazil
84%
11 Japan
84%
14 Australia
80%
5 Sweden
74%
3 China
73%
6 Belgium
66%
14 Ireland
65%
4 Portugal
65%
9 Netherlands
63%
4 New Zealand
53%
4 South Korea
53%
4 Switzerland
52%
4 Denmark
49%
No matching quizzes found
Score Distribution
Percent of People with Each Score
Percentile by Number Answered
Your Score History
You have not taken this quiz